Más allá del Alcázar (Record no. 184772)

MARC details
000 -LEADER
campo de control de longitud fija 00994nam a2200277 i 4500
001 - NÚMERO DE CONTROL
campo de control 184772
003 - IDENTIFICADOR DE NÚMERO DE CONTROL
campo de control ES-MaACL
005 - FECHA Y HORA DE LA ÚLTIMA TRANSACCIÓN
campo de control 20231117115307.0
008 - DATOS DE LONGITUD FIJA--INFORMACIÓN GENERAL
campo de control de longitud fija 151210s2015 sp abo |||| | spa d
020 ## - NÚMERO INTERNACIONAL ESTÁNDAR DEL LIBRO
Número Internacional Estándar del Libro 978-84-96862-64-7
080 ## - NÚMERO DE LA CLASIFICACIÓN DECIMAL UNIVERSAL
Número de la Clasificación Decimal Universal 94(460.285 TO)"1936"
080 ## - NÚMERO DE LA CLASIFICACIÓN DECIMAL UNIVERSAL
Número de la Clasificación Decimal Universal 355.48(460)"1936/39"
100 1# - ENTRADA PRINCIPAL--NOMBRE DE PERSONA
Nombre de persona Ruiz Casero, Luis Antonio.
9 (RLIN) 158340
245 10 - MENCIÓN DEL TÍTULO
Título Más allá del Alcázar
Resto del título : la batalla del sur del Tajo, Toledo y Argés, mayo de 1937 /
Mención de responsabilidad, etc. Luis A. Ruiz.
260 ## - PUBLICACIÓN, DISTRIBUCIÓN, ETC.
Lugar de publicación, distribución, etc. [Guadalajara] :
Nombre del editor, distribuidor, etc. Silente,
Fecha de publicación, distribución, etc. [2015]
300 ## - DESCRIPCIÓN FÍSICA
Extensión 190 p. :
Otras características físicas il., fot. ;
Dimensiones 24 cm.
490 1# - MENCIÓN DE SERIE
Mención de serie Silente memoria histórica
500 ## - NOTA GENERAL
Nota general Cronología.
504 ## - NOTA DE BIBLIOGRAFÍA, ETC.
Nota de bibliografía, etc. Bibliografía: p. 187-190.
651 #4 - PUNTO DE ACCESO ADICIONAL DE MATERIA--NOMBRE GEOGRÁFICO
Nombre geográfico España-
Subdivisión general Historia-
Subdivisión cronológica 1936-1939, Guerra civil-
Subdivisión general Campañas.
9 (RLIN) 8298
651 #4 - PUNTO DE ACCESO ADICIONAL DE MATERIA--NOMBRE GEOGRÁFICO
Nombre geográfico Toledo-
Subdivisión general Historia-
Subdivisión cronológica 1936-1939.
9 (RLIN) 9445
830 0# - PUNTO DE ACCESO ADICIONAL DE SERIE-TÍTULO UNIFORME
Título uniforme Silente memoria histórica
9 (RLIN) 191407
852 ## - LOCALIZACIÓN
Ubicación ES-MaACL
Número de control de estantería A-13478
itemnumber 191785
Sublocalización o colección R.150895
Ubicación en estantería Depósito 1
Signatura antigua Olim: N-6478
942 ## - ELEMENTOS DE ENTRADA SECUNDARIOS (KOHA)
Fuente del sistema de clasificación o colocación Clasificación decimal universal
Tipo de ítem Koha Libro impreso
Holdings
Estatus retirado Estado de pérdida Fuente del sistema de clasificación o colocación Estado de daño No para préstamo Biblioteca de origen Biblioteca actual Ubicación en estantería Fecha de adquisición Fuente de adquisición Total de préstamos Signatura topográfica completa Código de barras Visto por última vez Precio de reemplazo Tipo de ítem Koha
    Clasificación decimal universal     Biblioteca del Ateneo de Madrid Biblioteca del Ateneo de Madrid Depósito 1 10/12/2015 Donación   A-13478 1194565 23/02/2023 23/02/2023 Libro impreso